NLSUI OPAC header image

Rehabilitation policy and law in india: a right to livelihood (Record no. 35770)

MARC details
000 -LEADER
fixed length control field 00544nam a2200157Ia 4500
008 - FIXED-LENGTH DATA ELEMENTS--GENERAL INFORMATION
fixed length control field 160316s1997 xxu||||| |||| 00| 0 eng d
082 ## - DEWEY DECIMAL CLASSIFICATION NUMBER
Classification number 333.715300
Item number FER
100 ## - MAIN ENTRY--PERSONAL NAME
Personal name Feranandes Walter
245 ## - TITLE STATEMENT
Title Rehabilitation policy and law in india: a right to livelihood
250 ## - EDITION STATEMENT
Edition statement
260 ## - PUBLICATION, DISTRIBUTION, ETC.
Place of publication, distribution, etc. New delli
Name of publisher, distributor, etc. Indian sociol institute
Date of publication, distribution, etc. 1997
300 ## - PHYSICAL DESCRIPTION
Extent 559
Other physical details
Dimensions
365 ## - TRADE PRICE
Price amount Rs.200/-
650 ## - SUBJECT ADDED ENTRY--TOPICAL TERM
Topical term or geographic name entry element 1. Rehabilitation - Policies - India<br/>2. Displacement - Rehabilitation - India<br/>3. Displacement - Resettlement - India
700 ## - ADDED ENTRY--PERSONAL NAME
Personal name Paranjpye Vijay
--
Holdings
Withdrawn status Lost status Damaged status Not for loan Home library Current library Shelving location Date acquired Total Checkouts Full call number Barcode Date last seen Price effective from Koha item type
        . .   30.05.2017   333.7153 FER REP11817 30.05.2017 30.05.2017 Repository